Código civil / (Record no. 44490)

MARC details
000 -LEADER
campo de control de longitud fija 00844nam a2200253 i 4500
001 - NÚMERO DE CONTROL
campo de control 44490
003 - IDENTIFICADOR DE NÚMERO DE CONTROL
campo de control ES-MaACL
005 - FECHA Y HORA DE LA ÚLTIMA TRANSACCIÓN
campo de control 20250827062601.0
007 - CAMPO FIJO DE DESCRIPCIÓN FÍSICA--INFORMACIÓN GENERAL
campo de control de longitud fija t|
008 - DATOS DE LONGITUD FIJA--INFORMACIÓN GENERAL
campo de control de longitud fija 030321s1982 sp ||||1| spa d
110 1# - ENTRADA PRINCIPAL--NOMBRE DE ENTIDAD CORPORATIVA
Nombre de entidad corporativa o nombre de jurisdicción como elemento de entrada España
9 (RLIN) 3622
240 #0 - TÍTULO UNIFORME
Título uniforme Código civil, 1889
245 10 - MENCIÓN DEL TÍTULO
Título Código civil /
Mención de responsabilidad, etc. edición preparada por César Sempere Rodríguez ; bajo la dirección de Rodrigo Bercovitz Rodríguez-Cano.
250 ## - MENCION DE EDICION
Mención de edición 2ª ed.
260 ## - PUBLICACIÓN, DISTRIBUCIÓN, ETC.
Lugar de publicación, distribución, etc. Madrid :
Nombre del editor, distribuidor, etc. Tecnos,
Fecha de publicación, distribución, etc. 1982.
300 ## - DESCRIPCIÓN FÍSICA
Extensión 637 p. ;
Dimensiones 17 cm.
490 1# - MENCIÓN DE SERIE
Mención de serie Biblioteca de textos legales
650 04 - PUNTO DE ACCESO ADICIONAL DE MATERIA--TÉRMINO DE MATERIA
Término de materia o nombre geográfico como elemento de entrada Derecho civil-
Subdivisión geográfica España-
Subdivisión de forma Legislación
9 (RLIN) 11663
700 1# - ENTRADA AGREGADA--NOMBRE PERSONAL
Nombre de persona Sempere Rodríguez, Cesar.
9 (RLIN) 105411
700 1# - ENTRADA AGREGADA--NOMBRE PERSONAL
Nombre de persona Bercovitz Rodríguez-Cano, Rodrigo.
9 (RLIN) 27857
830 1# - PUNTO DE ACCESO ADICIONAL DE SERIE-TÍTULO UNIFORME
Título uniforme Biblioteca de textos legales
9 (RLIN) 177271
852 ## - LOCALIZACIÓN
Ubicación ES-MaACL
Número de control de estantería L-3032
Holdings
Estatus retirado Estado de pérdida Estado de daño No para préstamo Biblioteca de origen Biblioteca actual Ubicación en estantería Fecha de adquisición Fuente de adquisición Total de préstamos Signatura topográfica completa Código de barras Visto por última vez Precio de reemplazo Tipo de ítem Koha
        Biblioteca del Ateneo de Madrid Biblioteca del Ateneo de Madrid Depósito 2 17/01/2008     L-3032 1046825 23/02/2023 23/02/2023 Libro impreso